ბათუმის შოთა რუსთაველის სახელმწიფო უნივერსიტეტის ბიბლიოთეკა

Высшие трансцендентные функции. Гипергеометрическая функция. Функции Лежандра (ბიბ.ჩანაწერი № 48007)

000 -LEADER
fixed length control field 00677nam a2200181Ia 4500
001 - CONTROL NUMBER
control field 14887
003 - CONTROL NUMBER IDENTIFIER
control field GE_BSU
008 - FIXED-LENGTH DATA ELEMENTS--GENERAL INFORMATION
fixed length control field 181216s||||||||xx |||||||||||||| ||und||
040 ## - CATALOGING SOURCE
Transcribing agency GE_BSU
080 ## - UNIVERSAL DECIMAL CLASSIFICATION NUMBER
Universal Decimal Classification number 517.5(035)
100 ## - MAIN ENTRY--PERSONAL NAME
Personal name Бейтмен,Г. Эрдейи, А.
245 ## - TITLE STATEMENT
Title Высшие трансцендентные функции. Гипергеометрическая функция. Функции Лежандра
260 ## - PUBLICATION, DISTRIBUTION, ETC.
Place of publication, distribution, etc. Москва
260 ## - PUBLICATION, DISTRIBUTION, ETC.
Date of publication, distribution, etc. 1974
300 ## - PHYSICAL DESCRIPTION
Extent 295стр.22см.
653 ## - INDEX TERM--UNCONTROLLED
Uncontrolled term Высшие трансцендентные функции. Гипергеометрическая функция. Функции Лежандра
942 ## - ADDED ENTRY ELEMENTS (KOHA)
Koha item type წიგნი
ეგზემპლარები
Withdrawn status Lost status Damaged status Not for loan Date acquired Barcode Date last seen Price effective from Koha item type
        2018-12-17 16954 2018-12-17 2018-12-17 წიგნი